[Event "CHN-ch blitz (Women)"]
[Site "Shenyang"]
[Date "2019.12.18"]
[Round "3"]
[White "Zhang, Xiao"]
[Black "Zhou, Zirun"]
[Result "1-0"]
[WhiteElo "2047"]
[BlackElo "2124"]
[PlyCount "65"]
[EventDate "2019.12.18"]
[EventType "swiss (blitz)"]
[EventRounds "9"]
[EventCountry "CHN"]
[SourceTitle "CBM 193 Extra"]
[Source "ChessBase"]
[SourceDate "2020.01.31"]
[SourceVersion "1"]
[SourceVersionDate "2020.01.31"]
[SourceQuality "1"]

1. d4 Nf6 2. c4 e6 3. Nf3 d5 4. e3 a6 5. Nc3 dxc4 6. Bxc4 b5 7. Bd3 Bb7 8. 0-0 Nbd7 9. Qe2 c5 10. Rd1 Qc7 11. e4 cxd4 12. Nxd4 Bc5 13. Nf3 0-0 14. e5 Bxf3 15. Qxf3 Nxe5 16. Qg3 Bd6 17. Bf4 Nh5 18. Qh3 g6 19. Bh6 Rfd8 20. Be2 Ng7 21. Ne4 Ne8 22. Rac1 Qe7 23. Bg5 f6 24. Be3 Bc7 25. Bc5 Qf7 26. a4 Rxd1+ 27. Rxd1 bxa4 28. f4 Nd7 29. Bc4 Nxc5 30. Nxc5 Ng7 31. Nxe6 Bb6+ 32. Kh1 Kh8 33. Ng5 1-0

[Event "CHN-ch blitz (Women)"]
[Site "Shenyang"]
[Date "2019.12.18"]
[Round "6"]
[White "Zhao, Shengxin"]
[Black "Zhou, Zirun"]
[Result "1-0"]
[WhiteElo "2080"]
[BlackElo "2124"]
[PlyCount "51"]
[EventDate "2019.12.18"]
[EventType "swiss (blitz)"]
[EventRounds "9"]
[EventCountry "CHN"]
[SourceTitle "CBM 193 Extra"]
[Source "ChessBase"]
[SourceDate "2020.01.31"]
[SourceVersion "1"]
[SourceVersionDate "2020.01.31"]
[SourceQuality "1"]

1. Nf3 Nf6 2. d4 d5 3. c4 Bf5 4. Nc3 c6 5. cxd5 cxd5 6. Qb3 Qd7 7. Ne5 Qc8 8. Bg5 e6 9. e4 Nxe4 10. Nxe4 Bxe4 11. Bb5+ Nc6 12. Rc1 a6 13. Rxc6 bxc6 14. Bxc6+ Qxc6 15. Nxc6 Bd6 16. f3 Bg6 17. 0-0 0-0 18. Be7 Bxe7 19. Nxe7+ Kh8 20. Nxg6+ hxg6 21. Rc1 Rab8 22. Qa3 Rfe8 23. b3 Rb6 24. Rc7 Kg8 25. Qc5 Reb8 26. Rc8+ 1-0

[Event "CHN-chT"]
[Site "China"]
[Date "2019.11.23"]
[Round "18.5"]
[White "Zhou, Zirun"]
[Black "Girya, Olga"]
[Result "0-1"]
[WhiteElo "2124"]
[BlackElo "2488"]
[PlyCount "52"]
[EventDate "2019.04.09"]
[EventType "team-tourn"]
[EventRounds "22"]
[EventCountry "CHN"]
[SourceTitle "CBM 195 Extra"]
[Source "ChessBase"]
[SourceDate "2020.05.31"]
[SourceVersion "1"]
[SourceVersionDate "2020.05.31"]
[SourceQuality "1"]
[WhiteTeam "Hangzhou Hongda"]
[BlackTeam "Hangzhou Bank"]
[WhiteTeamCountry "CHN"]
[BlackTeamCountry "CHN"]

1. d4 Nf6 2. c4 e6 3. Nc3 Bb4 4. e3 0-0 5. Bd3 c5 6. Nf3 b6 7. 0-0 Bxc3 8. bxc3 Bb7 9. Nd2 Nc6 10. Ne4 Nxe4 11. Bxe4 Na5 12. Bxb7 Nxb7 13. Ba3 d6 14. e4 Na5 15. Qe2 Qd7 16. e5 Qa4 17. Bc1 Qxc4 18. Qg4 f5 19. exf6 Rxf6 20. Bf4 Rg6 21. Qh3 e5 22. Bg3 cxd4 23. cxd4 Qxd4 24. Rfd1 Qa4 25. Rac1 Rf8 26. Rd2 Rh6 0-1

[Event "China zt 3.5 (Women)"]
[Site "Zibo"]
[Date "2019.09.11"]
[Round "11"]
[White "Yan, Tianqi"]
[Black "Zhou, Zirun"]
[Result "1-0"]
[WhiteElo "2122"]
[BlackElo "2155"]
[PlyCount "69"]
[EventDate "2019.09.05"]
[EventType "swiss"]
[EventRounds "11"]
[EventCountry "CHN"]
[SourceTitle "EXT 2020"]
[Source "ChessBase"]
[SourceDate "2019.10.17"]
[SourceVersion "1"]
[SourceVersionDate "2019.10.17"]
[SourceQuality "1"]

1. e4 e5 2. Nf3 Nc6 3. Bb5 a6 4. Ba4 Nf6 5. 0-0 b5 6. Bb3 Bc5 7. a4 Rb8 8. c3 d6 9. d4 Bb6 10. a5 Ba7 11. Be3 Ra8 12. dxe5 Nxe5 13. Nxe5 dxe5 14. Qxd8+ Kxd8 15. Bxa7 Rxa7 16. Bxf7 Nxe4 17. Ba2 Re8 18. Re1 Nf6 19. Nd2 c5 20. c4 Bf5 21. Nb3 Nd7 22. Rad1 Kc7 23. f4 Be6 24. Nd2 Rb7 25. Ne4 Rbb8 26. fxe5 bxc4 27. Nd6 Re7 28. Bxc4 Rxb2 29. Bxa6 Ra2 30. Nb5+ Kb8 31. Rf1 Re8 32. Rb1 Rxa5 33. Nd6+ Ka7 34. Nxe8 Rxa6 35. Nc7 1-0

[Event "China zt 3.5 (Women)"]
[Site "Zibo"]
[Date "2019.09.10"]
[Round "9"]
[White "Hu, Yu A"]
[Black "Zhou, Zirun"]
[Result "1/2-1/2"]
[WhiteElo "2105"]
[BlackElo "2155"]
[PlyCount "65"]
[EventDate "2019.09.05"]
[EventType "swiss"]
[EventRounds "11"]
[EventCountry "CHN"]
[SourceTitle "EXT 2020"]
[Source "ChessBase"]
[SourceDate "2019.10.17"]
[SourceVersion "1"]
[SourceVersionDate "2019.10.17"]
[SourceQuality "1"]

1. e4 e5 2. Nf3 Nc6 3. Bb5 a6 4. Ba4 Nf6 5. 0-0 b5 6. Bb3 Bc5 7. a4 Rb8 8. c3 d6 9. d4 Bb6 10. a5 Ba7 11. h3 0-0 12. Be3 Ra8 13. Nbd2 exd4 14. cxd4 Nb4 15. e5 dxe5 16. dxe5 Bxe3 17. exf6 Bxd2 18. fxg7 Kxg7 19. Nxd2 Bf5 20. Qf3 Qf6 21. Rac1 Rad8 22. Ne4 Qe5 23. Qg3+ Qxg3 24. Nxg3 Bg6 25. f4 Rd3 26. Rc3 Rxc3 27. bxc3 Bc2 28. cxb4 Bxb3 29. Rc1 Bc4 30. Ne4 Rd8 31. Nc5 Rd6 32. Rc2 h5 33. Rc1 1/2-1/2

[Event "China zt 3.5 (Women)"]
[Site "Zibo"]
[Date "2019.09.05"]
[Round "1"]
[White "Zhou, Zirun"]
[Black "Lei, Tingjie"]
[Result "0-1"]
[WhiteElo "2155"]
[BlackElo "2483"]
[PlyCount "174"]
[EventDate "2019.09.05"]
[EventType "swiss"]
[EventRounds "11"]
[EventCountry "CHN"]
[SourceTitle "EXT 2020"]
[Source "ChessBase"]
[SourceDate "2019.10.17"]
[SourceVersion "1"]
[SourceVersionDate "2019.10.17"]
[SourceQuality "1"]

1. d4 Nf6 2. c4 g6 3. Nf3 Bg7 4. g3 c5 5. Bg2 cxd4 6. Nxd4 0-0 7. 0-0 d5 8. cxd5 Nxd5 9. Nc3 Nxc3 10. bxc3 a6 11. Rb1 Qc7 12. Qb3 Nd7 13. Ba3 Bf6 14. f4 Re8 15. Kh1 Kg7 16. Nc2 Rb8 17. Ne3 e6 18. Nc4 Be7 19. Bxe7 Rxe7 20. Qb4 Nc5 21. Ne5 Bd7 22. Nd3 Rc8 23. Qd4+ Kg8 24. Nxc5 Qxc5 25. Rxb7 Qxd4 26. cxd4 Rc2 27. Bf3 Kf8 28. Ra1 Bb5 29. Rxe7 Kxe7 30. e3 Rc3 31. a4 Bd7 32. Be2 a5 33. Bb5 Rxe3 34. Rc1 Bxb5 35. axb5 Rb3 36. Rc5 a4 37. Rc4 a3 38. Ra4 Kf6 39. Kg2 Kf5 40. Kh3 f6 41. b6 Ke4 42. Kg4 Rxb6 43. Rxa3 Kxd4 44. Kh4 Rb2 45. h3 Rb5 46. g4 Ke4 47. Kg3 Rd5 48. Ra6 Rd3+ 49. Kg2 Rd2+ 50. Kg3 Rd3+ 51. Kg2 Kxf4 52. Rxe6 Rd2+ 53. Kg1 Kg3 54. Re3+ Kh4 55. Rf3 Kg5 56. Ra3 Re2 57. Kf1 Rh2 58. Kg1 Rd2 59. Rf3 Kh4 60. Kh1 Re2 61. Kg1 Rc2 62. Kh1 Kg5 63. Kg1 h6 64. Kh1 Re2 65. Kg1 Ra2 66. Kh1 f5 67. gxf5 gxf5 68. Kg1 f4 69. Rb3 Re2 70. Rb6 Ra2 71. h4+ Kxh4 72. Rxh6+ Kg3 73. Rg6+ Kf3 74. Rb6 Ra1+ 75. Kh2 Re1 76. Rb3+ Kf2 77. Rb2+ Kf1 78. Kh3 Re3+ 79. Kg4 f3 80. Kf4 Ra3 81. Kg3 f2+ 82. Kh2 Rf3 83. Rb1+ Ke2 84. Rb2+ Ke3 85. Rb3+ Ke4 86. Rb4+ Kd5 87. Rb5+ Kc4 0-1

[Event "CHN-chT"]
[Site "China"]
[Date "2019.08.22"]
[Round "14.6"]
[White "Song, Yuxin"]
[Black "Zhou, Zirun"]
[Result "1-0"]
[WhiteElo "2305"]
[BlackElo "2147"]
[PlyCount "87"]
[EventDate "2019.04.09"]
[EventType "team-tourn"]
[EventRounds "22"]
[EventCountry "CHN"]
[SourceTitle "EXT 2020"]
[Source "ChessBase"]
[SourceDate "2019.10.17"]
[SourceVersion "1"]
[SourceVersionDate "2019.10.17"]
[SourceQuality "1"]
[WhiteTeam "Beijing Beiao"]
[BlackTeam "Hangzhou Hongda"]
[WhiteTeamCountry "CHN"]
[BlackTeamCountry "CHN"]

1. e4 e5 2. Nf3 Nc6 3. Bb5 a6 4. Ba4 Nf6 5. 0-0 b5 6. Bb3 Bc5 7. a4 Rb8 8. c3 d6 9. d4 Bb6 10. axb5 axb5 11. Qd3 Bd7 12. dxe5 dxe5 13. Bg5 0-0 14. Na3 b4 15. cxb4 Nxb4 16. Qc3 h6 17. Bxf6 gxf6 18. Rad1 Kh7 19. Nc4 Bc5 20. Ncxe5 fxe5 21. Qxc5 Qc8 22. Qe7 Nc6 23. Qxd7 Qxd7 24. Rxd7 Rxb3 25. Rxc7 Nd8 26. Nxe5 Rxb2 27. Nd7 Rh8 28. Nc5 Rc2 29. Ne6 Rxc7 30. Nxc7 Ne6 31. Nxe6 fxe6 32. Rd1 Ra8 33. f3 Kg6 34. Kf2 Ra2+ 35. Kg3 Kf6 36. Rd7 Rb2 37. h4 Ra2 38. e5+ Kf5 39. Rf7+ Kxe5 40. Rh7 Kf5 41. Rxh6 e5 42. Rh5+ Kf6 43. Rg5 Ra3 44. Rg4 1-0

[Event "CHN-chB (Women)"]
[Site "Hangzhou"]
[Date "2019.07.06"]
[Round "10"]
[White "Zhou, Zirun"]
[Black "Zhao, Shengxin"]
[Result "1/2-1/2"]
[WhiteElo "2171"]
[BlackElo "2166"]
[PlyCount "60"]
[EventDate "2019.07.02"]
[EventType "swiss"]
[EventRounds "11"]
[EventCountry "CHN"]
[SourceTitle "CBM 191 Extra"]
[Source "ChessBase"]
[SourceDate "2019.09.30"]
[SourceVersion "1"]
[SourceVersionDate "2019.09.30"]
[SourceQuality "1"]

1. d4 Nf6 2. c4 e6 3. Nc3 Bb4 4. e3 0-0 5. Nge2 Re8 6. a3 Bf8 7. Ng3 d5 8. cxd5 exd5 9. Bd3 a5 10. 0-0 c6 11. Bc2 g6 12. e4 dxe4 13. Ngxe4 Bf5 14. Bg5 Be7 15. Nxf6+ Bxf6 16. Bxf6 Qxf6 17. Bxf5 Qxf5 18. d5 cxd5 19. Qxd5 Qxd5 20. Nxd5 Re2 21. Nc7 Ra7 22. Rfe1 Rxe1+ 23. Rxe1 Nc6 24. h4 h5 25. Rc1 Ne5 26. Rc5 b6 27. Rxe5 Rxc7 28. Rb5 Rc6 29. g3 Kg7 30. Kg2 Kf6 1/2-1/2

[Event "CHN-chB (Women)"]
[Site "Hangzhou"]
[Date "2019.07.04"]
[Round "6"]
[White "Zhou, Zirun"]
[Black "Dai, Jiaying"]
[Result "1-0"]
[WhiteElo "2171"]
[BlackElo "1605"]
[PlyCount "105"]
[EventDate "2019.07.02"]
[EventType "swiss"]
[EventRounds "11"]
[EventCountry "CHN"]
[SourceTitle "CBM 191 Extra"]
[Source "ChessBase"]
[SourceDate "2019.09.30"]
[SourceVersion "1"]
[SourceVersionDate "2019.09.30"]
[SourceQuality "1"]

1. d4 d5 2. c4 e6 3. Nc3 Nf6 4. Nf3 Be7 5. Bf4 c6 6. e3 0-0 7. Rc1 Nbd7 8. Bd3 b6 9. 0-0 Bb7 10. cxd5 exd5 11. Qc2 h6 12. e4 dxe4 13. Nxe4 c5 14. Rfd1 cxd4 15. Nxd4 Rc8 16. Bc7 Nxe4 17. Bxe4 Bxe4 18. Qxe4 Rxc7 19. Rxc7 Qxc7 20. Qxe7 Qc8 21. Nf5 Nf6 22. Nxh6+ gxh6 23. Qxf6 Qc2 24. Qd4 Qg6 25. h3 Qg7 26. Qxg7+ Kxg7 27. Rd7 a6 28. Ra7 Rc8 29. Rxa6 Rc1+ 30. Kh2 b5 31. Rb6 Rc5 32. g4 f5 33. Kg3 fxg4 34. hxg4 Kh7 35. f4 h5 36. g5 Rf5 37. a3 Kg7 38. Kh4 Rxf4+ 39. Kxh5 Rf5 40. Rb7+ Kf8 41. Kh6 Rc5 42. g6 Rc6 43. Kh7 Rxg6 44. Kxg6 b4 45. axb4 Ke8 46. Kf6 Kd8 47. Ke6 Kc8 48. Rh7 Kd8 49. b5 Kc8 50. Kd6 Kb8 51. Kc6 Ka8 52. Kb6 Kb8 53. Rh8# 1-0

[Event "CHN-chT (Women)"]
[Site "Daqing"]
[Date "2019.06.25"]
[Round "7.3"]
[White "Yang, Yijing"]
[Black "Zhou, Zirun"]
[Result "1/2-1/2"]
[WhiteElo "2135"]
[BlackElo "2141"]
[PlyCount "91"]
[EventDate "2019.06.19"]
[EventType "team-swiss"]
[EventRounds "9"]
[EventCountry "CHN"]
[SourceTitle "CBM 191 Extra"]
[Source "ChessBase"]
[SourceDate "2019.09.30"]
[SourceVersion "1"]
[SourceVersionDate "2019.09.30"]
[SourceQuality "1"]
[WhiteTeam "Hebei (W)"]
[BlackTeam "Hangzhou (W)"]
[WhiteTeamCountry "CHN"]
[BlackTeamCountry "CHN"]

1. d4 Nf6 2. c4 e6 3. Nf3 d5 4. Nc3 Be7 5. Bf4 0-0 6. e3 Nbd7 7. h3 c5 8. cxd5 Nxd5 9. Nxd5 exd5 10. dxc5 Nxc5 11. Be2 Bf6 12. Be5 Re8 13. Bxf6 Qxf6 14. Qd4 Qxd4 15. Nxd4 Bd7 16. 0-0 Ne6 17. Rfd1 Rac8 18. Bf3 Rc5 19. Nb3 Rc2 20. Bxd5 Ba4 21. Rab1 Rd8 22. Bxb7 Rxd1+ 23. Rxd1 Rxb2 24. Ra1 Kf8 25. Bd5 Nc7 26. Be4 Nb5 27. Nc5 Bc2 28. a4 Nc3 29. Bxc2 Rxc2 30. Nb3 Ne2+ 31. Kf1 Rb2 32. Nc5 Rc2 33. Nb3 Rb2 34. Nc1 Nc3 35. Ra3 Rc2 36. Nd3 a5 37. g3 Nb1 38. Ra1 Nd2+ 39. Kg2 Rc3 40. Nf4 g5 41. Ne2 Rc2 42. Nd4 Rb2 43. Nc6 Ne4 44. Rf1 Nd2 45. Ra1 Ne4 46. Rf1 1/2-1/2

[Event "CHN-chT"]
[Site "China"]
[Date "2019.05.09"]
[Round "7.24"]
[White "Gu, Tianlu"]
[Black "Zhou, Zirun"]
[Result "1/2-1/2"]
[WhiteElo "2201"]
[BlackElo "2147"]
[PlyCount "126"]
[EventDate "2019.04.09"]
[EventType "team-tourn"]
[EventRounds "22"]
[EventCountry "CHN"]
[SourceTitle "CBM 190 Extra"]
[Source "ChessBase"]
[SourceDate "2019.07.15"]
[SourceVersion "1"]
[SourceVersionDate "2019.07.15"]
[SourceQuality "1"]
[WhiteTeam "Hangzhou Bank"]
[BlackTeam "Hangzhou Hongda"]
[WhiteTeamCountry "CHN"]
[BlackTeamCountry "CHN"]

1. e4 c5 2. Nf3 d6 3. d4 cxd4 4. Nxd4 Nf6 5. Nc3 a6 6. h3 e5 7. Nde2 h5 8. Bg5 Be6 9. Bxf6 Qxf6 10. Nd5 Bxd5 11. Qxd5 Nc6 12. c3 g6 13. Ng1 Be7 14. Nf3 Qf4 15. Be2 h4 16. Nd2 0-0 17. Nc4 Rfd8 18. Nb6 Rab8 19. 0-0 Bf8 20. Bc4 Ne7 21. Qd3 Bh6 22. Rad1 Kg7 23. Rfe1 Qf6 24. Qe2 Bf4 25. Rd3 Nc8 26. Nd5 Qg5 27. Nxf4 exf4 28. Rd5 Qf6 29. e5 Qe7 30. Rd4 g5 31. exd6 Qxe2 32. Rxe2 Nxd6 33. Red2 b5 34. Bf1 Nb7 35. Rxd8 Rxd8 36. Rxd8 Nxd8 37. c4 bxc4 38. Bxc4 a5 39. Kf1 Kf6 40. Ke2 Ke5 41. Kd3 f5 42. f3 Nb7 43. Kc3 Nd6 44. Be2 Kd5 45. b3 Nc8 46. Bc4+ Ke5 47. a3 Nb6 48. Bg8 g4 49. Bc4 Nd7 50. b4 axb4+ 51. axb4 Kd6 52. Kd4 Ne5 53. Be2 Nc6+ 54. Kc3 Ne5 55. b5 Kc5 56. b6 Kxb6 57. Kd4 gxh3 58. gxh3 Nxf3+ 59. Bxf3 Kc7 60. Ke5 Kd7 61. Kxf5 Ke7 62. Kxf4 Kf7 63. Kg5 Kg7 1/2-1/2

[Event "Ho Chi Minh City HD Bank op 9th"]
[Site "Ho Chi Minh City"]
[Date "2019.03.08"]
[Round "3"]
[White "Soham, Datar"]
[Black "Zhou, Zirun"]
[Result "0-1"]
[WhiteElo "2122"]
[BlackElo "2156"]
[PlyCount "80"]
[EventDate "2019.03.07"]
[EventType "swiss"]
[EventRounds "9"]
[EventCountry "VIE"]
[SourceTitle "CBM 189 Extra"]
[Source "ChessBase"]
[SourceDate "2019.06.03"]
[SourceVersion "1"]
[SourceVersionDate "2019.06.03"]
[SourceQuality "1"]

1. Nf3 d5 2. c4 e6 3. g3 Nf6 4. Bg2 dxc4 5. Qa4+ Bd7 6. Qxc4 c5 7. Ne5 Qc8 8. 0-0 Nc6 9. Nxd7 Qxd7 10. Nc3 Be7 11. Qa4 Nd5 12. Qg4 h5 13. Qa4 0-0 14. d3 Rfd8 15. Bd2 Rac8 16. Rfc1 b6 17. a3 Bf6 18. Rab1 Nd4 19. Qd1 g6 20. e3 Nb5 21. Nxd5 exd5 22. Qf1 Qe8 23. d4 cxd4 24. Rxc8 Rxc8 25. Bxd5 Nd6 26. Qd3 Nf5 27. e4 Nd6 28. Bb4 Rd8 29. Rc1 a5 30. Bxd6 Rxd6 31. Rc7 Qd8 32. Bxf7+ Kg7 33. Qc4 Rd7 34. Rxd7 Qxd7 35. Bd5 Qd6 36. Qd3 Qc5 37. Kg2 Qc1 38. b4 Qc3 39. Qb1 d3 40. Qd1 d2 0-1

[Event "CHN-chB (Women)"]
[Site "Hangzhou"]
[Date "2019.??.??"]
[Round "1"]
[White "Yin, Tingwen"]
[Black "Zhou, Zirun"]
[Result "0-1"]
[WhiteElo "1571"]
[BlackElo "2171"]
[PlyCount "90"]
[EventDate "2019.07.02"]
[EventType "swiss"]
[EventRounds "11"]
[EventCountry "CHN"]
[SourceTitle "CBM 191 Extra"]
[Source "ChessBase"]
[SourceDate "2019.09.30"]
[SourceVersion "1"]
[SourceVersionDate "2019.09.30"]
[SourceQuality "1"]

1. e4 c5 2. Nf3 d6 3. Bb5+ Nd7 4. d4 a6 5. Bxd7+ Bxd7 6. 0-0 cxd4 7. Qxd4 e6 8. Bg5 Qc7 9. c4 Rc8 10. b3 h6 11. Bh4 Qc5 12. Rd1 Qxd4 13. Nxd4 g5 14. Bg3 h5 15. f3 h4 16. Bf2 Bg7 17. Na3 Ne7 18. Rac1 Ng6 19. Be3 Nf4 20. Bxf4 gxf4 21. Nac2 b5 22. cxb5 axb5 23. Rd3 Ke7 24. Rd2 Rc7 25. Rcd1 h3 26. gxh3 Rxh3 27. Kg2 Rh5 28. Nb4 Rg5+ 29. Kf2 Rh5 30. Rh1 Bf6 31. Ke2 Rc8 32. Kd3 Rh3 33. Rf1 Rch8 34. Rff2 Ke8 35. Ndc6 R8h5 36. a4 bxa4 37. bxa4 Rc5 38. Rc2 Bh4 39. Rg2 Rxf3+ 40. Kd2 Rxc2+ 41. Kxc2 Bxc6 42. Nxc6 Ra3 43. Kb2 Rxa4 44. Re2 f3 45. Re3 f2 0-1

[Event "CHN-chT"]
[Site "China"]
[Date "2018.10.27"]
[Round "16.4"]
[White "Xiao, Yiyi"]
[Black "Zhou, Zirun"]
[Result "1/2-1/2"]
[WhiteElo "2363"]
[BlackElo "1993"]
[PlyCount "61"]
[EventDate "2018.04.11"]
[EventType "team-tourn"]
[EventRounds "22"]
[EventCountry "CHN"]
[SourceTitle "CBM 187 Extra"]
[Source "ChessBase"]
[SourceDate "2018.11.04"]
[SourceVersion "1"]
[SourceVersionDate "2018.11.04"]
[SourceQuality "1"]
[WhiteTeam "Tianjin"]
[BlackTeam "Hangzhou Turbine"]
[WhiteTeamCountry "CHN"]
[BlackTeamCountry "CHN"]

1. Nf3 d5 2. g3 Nf6 3. Bg2 c6 4. 0-0 Bf5 5. c4 e6 6. d3 h6 7. Qb3 Qb6 8. Nc3 Qxb3 9. axb3 Nbd7 10. cxd5 exd5 11. e4 dxe4 12. dxe4 Be6 13. Nd4 Bc5 14. Be3 0-0 15. Nxe6 fxe6 16. Bxc5 Nxc5 17. b4 Nd3 18. b5 Nxb2 19. bxc6 bxc6 20. f4 a5 21. Rf2 Rfb8 22. Rd2 Rb3 23. Ne2 Nc4 24. Rda2 Rd8 25. e5 Ng4 26. h3 Nge3 27. Bxc6 Rbd3 28. Kf2 Nd1+ 29. Kg2 Nde3+ 30. Kf2 Nd1+ 31. Kg2 1/2-1/2

[Event "Xingtai op"]
[Site "Xingtai"]
[Date "2018.10.21"]
[Round "8"]
[White "Zhou, Zirun"]
[Black "Zhao, Yuanhe"]
[Result "1/2-1/2"]
[WhiteElo "2089"]
[BlackElo "2389"]
[PlyCount "65"]
[EventDate "2018.10.14"]
[EventType "swiss"]
[EventRounds "9"]
[EventCountry "CHN"]
[SourceTitle "CBM 186 Extra"]
[Source "ChessBase"]
[SourceDate "2018.08.24"]
[SourceVersion "1"]
[SourceVersionDate "2018.08.24"]
[SourceQuality "1"]

1. d4 Nf6 2. c4 c5 3. Nf3 g6 4. Nc3 Bg7 5. e4 Qa5 6. Bd2 cxd4 7. Nxd4 Nc6 8. Nb3 Qd8 9. Be2 0-0 10. 0-0 d6 11. Be3 Be6 12. f3 Rc8 13. Rc1 Nd7 14. Qd2 Nc5 15. Nd4 Nxd4 16. Bxd4 Bxd4+ 17. Qxd4 Qb6 18. b3 Nd7 19. Qxb6 Nxb6 20. Nd5 Bxd5 21. exd5 Rc7 22. f4 Kg7 23. Rfe1 a5 24. a4 Nd7 25. Bd3 Nc5 26. Bc2 Ra8 27. Re3 e6 28. dxe6 fxe6 29. Rd1 Ra6 30. h4 Rf7 31. Rd4 h5 32. Rg3 Rf6 33. Rg5 1/2-1/2